| 000 | 00892cam a2200301 4500 | ||
|---|---|---|---|
| 008 | 090401t1999 xxu||||| |||| 00| 0 eng d | ||
| 020 | _a0860173208 | ||
| 035 | _a(Sirsi) u93055 | ||
| 041 | _aeng | ||
| 050 | _a614.76 | ||
| 100 | _aCoventry, Stuart | ||
| 245 | _aWaste minimisation and recycling on construction : boardroom handbook. | ||
| 260 |
_aLondon _bCIRIA _c1999 |
||
| 300 | _a28p. ; 30cm. | ||
| 350 | _a50 | ||
| 490 |
_aCIRIA Special Publication _v135 |
||
| 650 | _aBUILT ENVIRONMENT-BUILDING MATERIALS | ||
| 650 | _aRECLAIMED BUILDING MATERIALS | ||
| 650 | _aRECYCLING | ||
| 650 | _aWASTE MANAGEMENT | ||
| 650 | _aWASTE MINIMISATION | ||
| 690 | _aENVIRONMENTAL AND LAND CONSULTANCY | ||
| 700 | _aWoolveridge, Claire | ||
| 700 | _aPatel, Vip | ||
| 710 |
_aConstruction Industry Research and Information Association _94810 |
||
| 942 | _n0 | ||
| 948 | _c29/04/1999 | ||
| 999 |
_c97803 _d97803 |
||